000 00410nam a2200157Ia 4500
008 230917s9999||||xx |||||||||||||| ||und||
040 _e201723
_aMAIN
041 _aEnglish
082 _a320.50954 M896H(2)
100 _aMukherjee, Subrata
245 0 _aHistory of political thought: Plato to Marx
250 _a2nd ed.
260 _aNew Delhi
_bPHI Learning
_c2012
300 _axii, 563 p.
942 _cBK
999 _c171394
_d171394